000
00327nam a2200145Ia 4500
008
191201s2004 xx 000 0 und d
082
_a
658.562
_b
SUT
100
_a
SUGANTHI, L
245
0
_a
Total Quality Management
250
_a
ED
260
_a
N.Delhi
_b
PHI
_c
2004
300
_a
394
650
_a
B.Tech(ME)
942
_2
ddc
_c
BK
999
_c
775
_d
775